BSOP header

Do you hear what you're thinking? : (Record no. 12595)

MARC details
000 -LEADER
fixed length control field 00674nam a2200193 4500
008 - FIXED-LENGTH DATA ELEMENTS--GENERAL INFORMATION
fixed length control field 020809s1983 us eng
020 ## - INTERNATIONAL STANDARD BOOK NUMBER
International Standard Book Number 0882075446
090 ## - LOCALLY ASSIGNED LC-TYPE CALL NUMBER (OCLC); LOCAL CALL NUMBER (OCLC)
Classification number (OCLC) (R) ; Classification number, CALL (RLIN) (NR) BF441 Sch5l
100 1# - MAIN ENTRY--PERSONAL NAME
Personal name Schmidt, Jerry A.
245 10 - TITLE STATEMENT
Title Do you hear what you're thinking? :
Remainder of title leader's guide/
Statement of responsibility, etc Jerry A. Schmidt; leader's guide prepared by Emily Nicholson.
260 ## - PUBLICATION, DISTRIBUTION, ETC. (IMPRINT)
Place of publication, distribution, etc Illinois :
Name of publisher, distributor, etc Victor,
Date of publication, distribution, etc c1983.
300 ## - PHYSICAL DESCRIPTION
Extent 40 p.
500 ## - GENERAL NOTE
General note With multi-use transparency masters
650 #4 - SUBJECT ADDED ENTRY--TOPICAL TERM
Topical term or geographic name as entry element Psychology, pastoral.
650 #4 - SUBJECT ADDED ENTRY--TOPICAL TERM
Topical term or geographic name as entry element Psycho-therapy
General subdivision Religious aspects.
650 #4 - SUBJECT ADDED ENTRY--TOPICAL TERM
Topical term or geographic name as entry element Thought and thinking.
951 ## - EQUIVALENCE OR CROSS-REFERENCE-GEOGRAPHIC NAME/AREA NAME [OBSOLETE] [CAN/MARC only]
General subdivision 00013459
951 ## - EQUIVALENCE OR CROSS-REFERENCE-GEOGRAPHIC NAME/AREA NAME [OBSOLETE] [CAN/MARC only]
-- 13486
-- BF441 Sch5l
-- 070613111139265
-- 2000-12-21
-- GC
Holdings
Withdrawn status Lost status Damaged status Not for loan Home library Current library Shelving location Date acquired Accession number Shelving control number Total Checkouts Full call number Barcode Date last seen Price effective from Koha item type
        BSOP Library BSOP Library GC 12/21/2000 13486 127   BF441 Sch5l 00013459 02/23/2013 02/23/2013 Books
BSOP

Biblical Seminary of the Philippines
  All rights Reserved
  © 2024

CONTACT INFORMATION

Biblical Seminary of the Philippines,
  77-B Karuhatan Road, Valenzuela City,
  PHILIPPINES 1441
  Phone: +632 8292-6795 / 8292-6798
  Fax : +632 8292-6675
  Email: library@bsop.edu.ph